| 000 | 00422 a2200169 4500 | ||
|---|---|---|---|
| 001 | 067824 | ||
| 003 | OSt | ||
| 005 | 20220106115209.0 | ||
| 008 | |||
| 082 |
_a891.1 _bP13F |
||
| 100 | 1 | _aPadma, V. | |
| 245 | 1 |
_aFiction as Window _cby V. Padma |
|
| 260 |
_aHyderabad _bOrient Blackswan _c2009 |
||
| 300 | _a253p. | ||
| 653 | _aIndic fiction; Indic fiction (English) | ||
| 942 |
_2ddc _cBK |
||
| 999 |
_c1682 _d1682 |
||